000 01358nam a22003617a 4500
003 CHAP
005 20220329143307.0
008 080228d1999 mx r 00110 spa d
010 _a94522
011 _a95494
020 _a9706134506
035 _a106120
040 _cCHAP
082 0 4 _a658.312
_bH3
100 1 _aHartzler, Meg
_952975
245 1 0 _aTeoría y aplicaciones del trabajo en equipo :
_bcómo preparar equipos de trabajo eficaces
_c/por Mea Hartzler y Jane E. Henry
260 _aMéxico, D.F. :
_bOxford University,
_c1999
300 _axvi, 244 p. :
_bilus. ; cuadros
500 _aTrad. de : Team fitness : a how-to manual for building a winning work team, 1 ed. de 1994
590 _aBATCH-UPD
_b10
_c20130110
_lUCH01
_h0441
590 _aBATCH-UPD
_b10
_c20130410
_lUCH01
_h0117
590 _aBATCH-UPD
_b10
_c20130914
_lUCH01
_h1204
590 _aCONVERSION
_b10
_c20130109
_lUCH01
_h1352
650 1 4 _aDinámica de grupos.
_932629
650 1 4 _aOrganización.
_983533
650 1 4 _aPersonal
_xAdministración de.
_987325
650 1 4 _aTrabajos, Métodos de.
_9114564
700 1 _aHenry, Jane E.
_953634
901 _aBK
942 _cLIBRO
949 _a658.312 H3
_bBC
_cLIBRO
_d33724002049040
_eLIBRO
_gI.c/e
_h109218
_i106120
_si
_t$128.00
949 _a658.312 H3
_bBC
_cLIBRO
_d33724002049082
_eLIBRO
_fc.2
_gI.c/e
_h109219
_i106120
_si
_t$128.00
999 _c94522
_d94522